| 000 | 00453nam a2200157 4500 | ||
|---|---|---|---|
| 003 | DO-SdBNP | ||
| 005 | 20180209094335.0 | ||
| 008 | 180209b 1992 00| 0 spa d | ||
| 020 | _a0590446916 | ||
| 040 |
_aBPMSU _bspa _cBPMSU |
||
| 100 |
_aMcKissack, Pat _d1944-2017 |
||
| 245 |
_aSojourner Truth : _b ain't I a woman? / _cPatricia C. McKissack and Fredrick McKissack. |
||
| 260 |
_aNew York : _bScholastic, _c1992 |
||
| 300 |
_a186 p. ; _c20 cm. |
||
| 942 |
_2ddc _cBK |
||
| 999 |
_c13275 _d13275 |
||